KFC Big Bash League Teams - Statistics

General Stats
  • This quiz has been taken 12 times
  • The average score is 8 of 8
Answer Stats
Hint Answer % Correct
Brisbane Heat
100%
Hobart Hurricanes
100%
Perth Scorchers
100%
Melbourne Stars
100%
Adelaide Strikers
100%
Melbourne Renegades
91%
Sydney Thunder
91%
Sydney Sixers
82%
No matching quizzes found
Score Distribution
Percent of People with Each Score
Percentile by Number Answered
Your Score History
You have not taken this quiz